[Event "CZE-chT2E 2223"]
[Site "Czech Republic"]
[Date "2023.03.05"]
[Round "10.4"]
[White "Uricar, Jakub"]
[Black "Wunsch, Radek"]
[Result "1-0"]
[WhiteElo "2167"]
[BlackElo "1986"]
[PlyCount "113"]
[EventDate "2022.10.16"]
[EventType "team-tourn"]
[EventRounds "11"]
[EventCountry "CZE"]
[SourceTitle "EXT 2024"]
[Source "ChessBase"]
[SourceDate "2023.10.10"]
[SourceVersion "1"]
[SourceVersionDate "2023.10.10"]
[SourceQuality "1"]
[WhiteTeam "Prusanky Podluzan"]
[BlackTeam "Brno Lokomotiva"]
[WhiteTeamCountry "CZE"]
[BlackTeamCountry "CZE"]

1. e4 Nc6 2. Nc3 e5 3. g3 Bc5 4. Bg2 d6 5. Na4 Nge7 6. d3 Bb6 7. Nxb6 axb6 8. f4 exf4 9. Bxf4 0-0 10. Nf3 f5 11. 0-0 fxe4 12. dxe4 Ng6 13. Ng5 Qe8 14. Qd5+ Kh8 15. Bd2 Nce5 16. Rxf8+ Nxf8 17. Rf1 h6 18. Nf7+ Kh7 19. Nxe5 dxe5 20. Bc3 Ng6 21. h4 c6 22. Qd6 Bg4 23. a3 Rd8 24. Qc7 b5 25. Qxb7 Qd7 26. Qb6 h5 27. Qc5 Re8 28. b3 Be2 29. Re1 Bd1 30. Bb4 Rd8 31. Ba5 Ra8 32. Bb4 Rd8 33. a4 bxa4 34. bxa4 Qg4 35. Qc3 Rc8 36. Qd3 Rb8 37. Bc3 Rb1 38. a5 Rc1 39. a6 Rxc2 40. Qxd1 Rxc3 41. Qxg4 hxg4 42. Ra1 Rxg3 43. Kh2 Rd3 44. a7 Rd8 45. a8Q Rxa8 46. Rxa8 Nxh4 47. Rc8 Kg6 48. Kg3 Kg5 49. Rxc6 Nxg2 50. Kxg2 Kf4 51. Rg6 Kxe4 52. Rxg4+ Kd3 53. Rxg7 e4 54. Kf2 e3+ 55. Kf3 e2 56. Rd7+ Kc2 57. Kxe2 1-0

[Event "CZE-chT2E 2223"]
[Site "Czech Republic"]
[Date "2022.11.20"]
[Round "3.3"]
[White "Uricar, Jakub"]
[Black "Nezval, Filip1111"]
[Result "0-1"]
[WhiteElo "2167"]
[BlackElo "2068"]
[PlyCount "56"]
[EventDate "2022.10.16"]
[EventType "team-tourn"]
[EventRounds "11"]
[EventCountry "CZE"]
[SourceTitle "EXT 2024"]
[Source "ChessBase"]
[SourceDate "2023.10.10"]
[SourceVersion "1"]
[SourceVersionDate "2023.10.10"]
[SourceQuality "1"]
[WhiteTeam "Prusanky Podluzan"]
[BlackTeam "Brno VSK Univ"]
[WhiteTeamCountry "CZE"]
[BlackTeamCountry "CZE"]

1. e4 c6 2. d4 d5 3. exd5 cxd5 4. Bd3 Nc6 5. c3 Qc7 6. f4 Nf6 7. Nf3 Bg4 8. 0-0 e6 9. h3 Bh5 10. g4 Bg6 11. Qe2 Bxd3 12. Qxd3 Ne4 13. Nbd2 f5 14. Ng5 Nxg5 15. fxg5 fxg4 16. hxg4 0-0-0 17. b4 h5 18. Qh3 g6 19. Nf3 Bd6 20. b5 Ne7 21. gxh5 Rxh5 22. Qxe6+ Kb8 23. Qg4 Rdh8 24. Bd2 Rh3 25. Ne5 Nf5 26. Bf4 Qxc3 27. Kg2 Qb2+ 28. Rf2 Qxa1 0-1

[Event "CZE-chT2E 2122"]
[Site "Czech Republic"]
[Date "2022.04.03"]
[Round "11.4"]
[White "Uricar, Jakub"]
[Black "Kocian, Miroslav"]
[Result "1-0"]
[WhiteElo "2164"]
[BlackElo "2028"]
[PlyCount "111"]
[EventDate "2021.10.17"]
[EventType "team-tourn"]
[EventRounds "11"]
[EventCountry "CZE"]
[SourceTitle "EXT 2024"]
[Source "ChessBase"]
[SourceDate "2023.10.10"]
[SourceVersion "1"]
[SourceVersionDate "2023.10.10"]
[SourceQuality "1"]
[WhiteTeam "Prusanky Podluzan"]
[BlackTeam "Zlin"]
[WhiteTeamCountry "CZE"]
[BlackTeamCountry "CZE"]

1. e4 d6 2. d4 Nf6 3. Bd3 e5 4. c3 g6 5. Ne2 Bg7 6. 0-0 0-0 7. h3 c5 8. d5 b5 9. a4 bxa4 10. Qxa4 Qc7 11. Be3 Nbd7 12. Nd2 Ne8 13. Bb5 a6 14. Bc6 Rb8 15. b4 f5 16. f3 Nef6 17. Rfb1 f4 18. Bf2 g5 19. Nc4 cxb4 20. Rxb4 h5 21. Rab1 g4 22. Rxb8 Nxb8 23. hxg4 hxg4 24. Qa5 Qxa5 25. Nxa5 gxf3 26. gxf3 Nxc6 27. Nxc6 Nd7 28. Bh4 Kf7 29. Be7 Rg8 30. Kf1 Bf8 31. Bh4 Ke8 32. Na7 Rh8 33. Bg5 Rh5 34. Bxf4 Kd8 35. Be3 Kc7 36. Nxc8 Kxc8 37. Kg2 Bh6 38. Bf2 Rg5+ 39. Kf1 Rg8 40. Ng3 Kc7 41. Nf5 Bf4 42. Rb4 Ra8 43. Rc4+ Nc5 44. Nxd6 Kxd6 45. Bxc5+ Kd7 46. Ba3 Rb8 47. Rb4 Rh8 48. Rb7+ Kc8 49. Ra7 Rh2 50. Rxa6 Be3 51. Rf6 Rf2+ 52. Ke1 Ra2 53. Bb4 Bf2+ 54. Kd1 Be3 55. Bd6 Bf4 56. Rf5 1-0

[Event "CZE-chT2E 1920"]
[Site "Czech Republic"]
[Date "2019.12.15"]
[Round "5.4"]
[White "Markovic, Ivan1111"]
[Black "Uricar, Jakub"]
[Result "0-1"]
[WhiteElo "2105"]
[BlackElo "2179"]
[PlyCount "44"]
[EventDate "2019.10.13"]
[EventType "team-tourn"]
[EventRounds "11"]
[EventCountry "CZE"]
[SourceTitle "EXT 2024"]
[Source "ChessBase"]
[SourceDate "2023.10.10"]
[SourceVersion "1"]
[SourceVersionDate "2023.10.10"]
[SourceQuality "1"]
[WhiteTeam "Kurim"]
[BlackTeam "Prusanky Podluzan"]
[WhiteTeamCountry "CZE"]
[BlackTeamCountry "CZE"]

1. e4 c5 2. Nf3 Nc6 3. d3 g6 4. g3 Bg7 5. Bg2 e6 6. 0-0 Nge7 7. Qe2 0-0 8. c3 d6 9. Rd1 e5 10. Na3 f5 11. Nc2 h6 12. d4 fxe4 13. Nd2 cxd4 14. cxd4 d5 15. dxe5 Qc7 16. Nb3 Nxe5 17. Ne3 Be6 18. Nd4 Bf7 19. Ng4 Nxg4 20. Qxg4 Nc6 21. Ne6 Qc8 22. Bh3 Ne5 0-1

[Event "CZE-chT2E 1819"]
[Site "Czech Republic"]
[Date "2019.01.27"]
[Round "7.2"]
[White "Uricar, Jakub"]
[Black "Danada, Tomas"]
[Result "1-0"]
[WhiteElo "2157"]
[BlackElo "2250"]
[PlyCount "73"]
[EventDate "2018.10.14"]
[EventType "team-tourn"]
[EventRounds "11"]
[EventCountry "CZE"]
[SourceTitle "EXT 2022"]
[Source "ChessBase"]
[SourceDate "2021.10.06"]
[SourceVersion "1"]
[SourceVersionDate "2021.10.06"]
[SourceQuality "1"]
[WhiteTeam "Veseli nad Moravou"]
[BlackTeam "Vlcnov"]
[WhiteTeamCountry "CZE"]
[BlackTeamCountry "CZE"]

1. e4 e5 2. Nc3 Nf6 3. g3 Bc5 4. Bg2 Nc6 5. d3 d6 6. Na4 Bd4 7. c3 Bxf2+ 8. Kxf2 b5 9. h3 Bd7 10. Be3 Qe7 11. b4 bxa4 12. Qxa4 0-0 13. Ne2 Nh5 14. b5 Nd8 15. Bf3 Qf6 16. Kg2 Qg6 17. Kh2 Ne6 18. Qc4 Kh8 19. Raf1 Rab8 20. a4 c6 21. bxc6 Rb2 22. g4 Nhf4 23. Bxf4 Nxf4 24. cxd7 Qh6 25. Kg3 g5 26. Kf2 Qh4+ 27. Ke3 Nxe2 28. Bxe2 Qg3+ 29. Rf3 Qg2 30. Re1 Rfb8 31. Qc8+ Kg7 32. d8Q Rxe2+ 33. Rxe2 Qg1+ 34. Rff2 Qc1+ 35. Rd2 Qe1+ 36. Kf3 Qh1+ 37. Ke2 1-0

[Event "CZE-chT2E 1819"]
[Site "Czech Republic"]
[Date "2018.12.02"]
[Round "4.2"]
[White "Cagasik, Tomas"]
[Black "Uricar, Jakub"]
[Result "1/2-1/2"]
[WhiteElo "2166"]
[BlackElo "2157"]
[PlyCount "50"]
[EventDate "2018.10.14"]
[EventType "team-tourn"]
[EventRounds "11"]
[EventCountry "CZE"]
[SourceTitle "EXT 2022"]
[Source "ChessBase"]
[SourceDate "2021.10.06"]
[SourceVersion "1"]
[SourceVersionDate "2021.10.06"]
[SourceQuality "1"]
[WhiteTeam "Kromeriz Slavia II"]
[BlackTeam "Veseli nad Moravou"]
[WhiteTeamCountry "CZE"]
[BlackTeamCountry "CZE"]

1. d4 e6 2. Nf3 Nf6 3. Bg5 Be7 4. e3 0-0 5. Bd3 d5 6. Nbd2 b6 7. c3 Bb7 8. Qc2 h6 9. Bxf6 Bxf6 10. e4 dxe4 11. Bxe4 Bxe4 12. Nxe4 Nd7 13. 0-0-0 c6 14. h4 g6 15. Ne5 Bg7 16. Nxc6 Qc7 17. Nb4 a5 18. Nd3 Rac8 19. Qd2 f5 20. Ng3 b5 21. Kb1 Kh7 22. f4 Nb6 23. Ne5 Bxe5 24. dxe5 Rfd8 25. Qe2 Nd5 1/2-1/2

[Event "CZE-chT2E 1718"]
[Site "Czech Republic"]
[Date "2018.03.18"]
[Round "10.3"]
[White "Markovic, Ivan1111"]
[Black "Uricar, Jakub"]
[Result "0-1"]
[WhiteElo "2146"]
[BlackElo "2185"]
[PlyCount "54"]
[EventDate "2017.10.15"]
[EventType "team-tourn"]
[EventRounds "11"]
[EventCountry "CZE"]
[SourceTitle "EXT 2022"]
[Source "ChessBase"]
[SourceDate "2021.10.06"]
[SourceVersion "1"]
[SourceVersionDate "2021.10.06"]
[SourceQuality "1"]
[WhiteTeam "Hustopece"]
[BlackTeam "Prusanky Podluzan"]
[WhiteTeamCountry "CZE"]
[BlackTeamCountry "CZE"]

1. e4 c5 2. Nf3 Nc6 3. d3 g6 4. g3 Bg7 5. c3 d6 6. Bg2 e5 7. 0-0 Nge7 8. Na3 0-0 9. Nc2 f5 10. exf5 gxf5 11. Nh4 d5 12. Qh5 Qd6 13. c4 Be6 14. cxd5 Nxd5 15. Ne3 Nde7 16. Bh3 Nd4 17. Nc4 Qa6 18. Qg5 Ng6 19. f3 Nxh4 20. Qxh4 Nc2 21. Rb1 b5 22. Ne3 Bxa2 23. Nxf5 Bxb1 24. Bh6 Bxh6 25. Nxh6+ Kh8 26. Bf5 Qf6 27. Bxh7 Qxh4 0-1

[Event "CZE-chT2E 1718"]
[Site "Czech Republic"]
[Date "2018.02.25"]
[Round "9.4"]
[White "Kratochvil, Josef"]
[Black "Uricar, Jakub"]
[Result "1-0"]
[WhiteElo "2285"]
[BlackElo "2185"]
[PlyCount "143"]
[EventDate "2017.10.15"]
[EventType "team-tourn"]
[EventRounds "11"]
[EventCountry "CZE"]
[SourceTitle "EXT 2022"]
[Source "ChessBase"]
[SourceDate "2021.10.06"]
[SourceVersion "1"]
[SourceVersionDate "2021.10.06"]
[SourceQuality "1"]
[WhiteTeam "Lipovec Garde"]
[BlackTeam "Prusanky Podluzan"]
[WhiteTeamCountry "CZE"]
[BlackTeamCountry "CZE"]

1. e4 e6 2. d3 d5 3. Nd2 Nf6 4. Ngf3 b6 5. g3 Bb7 6. Qe2 Be7 7. Bg2 0-0 8. e5 Nfd7 9. 0-0 c5 10. Re1 Nc6 11. Nf1 b5 12. h4 Re8 13. Bg5 Nf8 14. N1h2 Ng6 15. Bxe7 Ngxe7 16. c3 Qb6 17. h5 h6 18. g4 Qd8 19. Qd2 Kh7 20. Qf4 Rf8 21. g5 Ng8 22. Ng4 Nce7 23. d4 c4 24. gxh6 Nxh6 25. Nxh6 gxh6 26. Kh2 Nf5 27. Bh3 Bc8 28. Rg1 Bd7 29. Rg2 Rg8 30. Rxg8 Qxg8 31. Rg1 Qd8 32. Bxf5+ exf5 33. Nh4 Qc8 34. Rg3 Be6 35. Rf3 Kg7 36. Nxf5+ Bxf5 37. Qxf5 Qxf5 38. Rxf5 Rb8 39. Rf6 b4 40. Ra6 bxc3 41. bxc3 Rb2 42. Kg3 Rc2 43. Ra3 a6 44. f4 f5 45. Kf3 Rh2 46. Rxa6 Rh3+ 47. Ke2 Rxh5 48. Ra5 Rh2+ 49. Ke3 Rc2 50. Rxd5 Rxc3+ 51. Kd2 Rd3+ 52. Kc2 Kf7 53. Rd7+ Ke6 54. Rd6+ Ke7 55. d5 h5 56. Rh6 Rxd5 57. Rxh5 Ra5 58. Rxf5 Rxa2+ 59. Kc3 Ke6 60. Rf6+ Kd5 61. Rd6+ Kc5 62. Rd8 Ra3+ 63. Kd2 c3+ 64. Kc2 Kc4 65. e6 Ra2+ 66. Kb1 Re2 67. f5 Kb3 68. Rb8+ Kc4 69. f6 Re1+ 70. Ka2 c2 71. Rc8+ Kd3 72. e7 1-0

[Event "CZE-chT2E 1718"]
[Site "Czech Republic"]
[Date "2018.02.11"]
[Round "8.4"]
[White "Uricar, Jakub"]
[Black "Kapusta, Petr"]
[Result "0-1"]
[WhiteElo "2185"]
[BlackElo "2115"]
[PlyCount "58"]
[EventDate "2017.10.15"]
[EventType "team-tourn"]
[EventRounds "11"]
[EventCountry "CZE"]
[SourceTitle "EXT 2022"]
[Source "ChessBase"]
[SourceDate "2021.10.06"]
[SourceVersion "1"]
[SourceVersionDate "2021.10.06"]
[SourceQuality "1"]
[WhiteTeam "Prusanky Podluzan"]
[BlackTeam "Kromeriz Slavia II"]
[WhiteTeamCountry "CZE"]
[BlackTeamCountry "CZE"]

1. e4 c5 2. Nc3 Nc6 3. g3 Nf6 4. Bg2 d6 5. d3 e5 6. h3 Be6 7. Be3 d5 8. exd5 Nxd5 9. Nge2 Nxe3 10. fxe3 Qd7 11. b3 Be7 12. Qd2 0-0 13. Ne4 f5 14. Nf2 Bg5 15. h4 Bf6 16. Bxc6 Qxc6 17. e4 Rad8 18. Qe3 Be7 19. c4 b5 20. 0-0-0 Qa6 21. Kb1 Rb8 22. Ka1 f4 23. Qf3 Qa3 24. Rc1 Rb6 25. Rc2 Rfb8 26. Rb1 a5 27. Nc1 a4 28. Nd1 bxc4 29. dxc4 Rb4 0-1

[Event "CZE-chT2E 1617"]
[Site "Czech Republic"]
[Date "2016.12.11"]
[Round "5.3"]
[White "Markovic, Ivan1111"]
[Black "Uricar, Jakub"]
[Result "0-1"]
[WhiteElo "2126"]
[BlackElo "2185"]
[PlyCount "90"]
[EventDate "2016.09.10"]
[EventType "team-tourn"]
[EventRounds "11"]
[EventCountry "CZE"]
[SourceTitle "EXT 2022"]
[Source "ChessBase"]
[SourceDate "2021.10.06"]
[SourceVersion "1"]
[SourceVersionDate "2021.10.06"]
[SourceQuality "1"]
[WhiteTeam "Kurim"]
[BlackTeam "Prusanky Podluzan"]
[WhiteTeamCountry "CZE"]
[BlackTeamCountry "CZE"]

1. e4 c5 2. Nf3 Nc6 3. d4 cxd4 4. Nxd4 g6 5. Nxc6 bxc6 6. Bc4 Bg7 7. 0-0 Qb6 8. c3 d6 9. Qe2 Nf6 10. Be3 Qc7 11. f3 0-0 12. Nd2 d5 13. exd5 cxd5 14. Bb3 e5 15. Rfe1 a5 16. Qb5 a4 17. Bd1 Bd7 18. Qc5 Qb7 19. Qa3 Rfc8 20. Bc5 Rxc5 21. Qxc5 Qxb2 22. Nb3 axb3 23. Bxb3 Rc8 24. Qe7 Qxc3 25. Rad1 Be6 26. Rc1 Qxc1 27. Rxc1 Rxc1+ 28. Kf2 Nd7 29. Qd8+ Bf8 30. a4 Kg7 31. Bxd5 Bc5+ 32. Kg3 Bb6 33. Qe7 Bc5 34. Qd8 Bxd5 35. Qxd7 Be6 36. Qb5 Rc2 37. h4 Bd4 38. a5 Bc4 39. Qa4 Rc1 40. a6 Bd5 41. Qd7 Be6 42. Qe7 Ra1 43. h5 Rxa6 44. Kh4 Bf2+ 45. g3 Ra4+ 0-1

[Event "CZE-chT2E 1516"]
[Site "Czech Republic"]
[Date "2016.04.03"]
[Round "10.1"]
[White "David, Pavel"]
[Black "Uricar, Jakub"]
[Result "1-0"]
[WhiteElo "2331"]
[BlackElo "2178"]
[PlyCount "45"]
[EventDate "2015.10.18"]
[EventType "team-tourn"]
[EventRounds "11"]
[EventCountry "CZE"]
[SourceTitle "EXT 2022"]
[Source "ChessBase"]
[SourceDate "2021.10.06"]
[SourceVersion "1"]
[SourceVersionDate "2021.10.06"]
[SourceQuality "1"]
[WhiteTeam "Lipovec Garde"]
[BlackTeam "Prusanky Podluzan"]
[WhiteTeamCountry "CZE"]
[BlackTeamCountry "CZE"]

1. c4 e5 2. Nc3 Nc6 3. Nf3 g6 4. d4 exd4 5. Nxd4 Bg7 6. Nxc6 bxc6 7. g3 d6 8. Bg2 Ne7 9. Bg5 f6 10. Bd2 Be6 11. Qa4 Qd7 12. 0-0 0-0 13. Rfe1 Qe8 14. b3 Bd7 15. Qa5 Qb8 16. Rad1 Qb6 17. Na4 Qxa5 18. Bxa5 Rac8 19. Nc5 Rfd8 20. Na6 Be6 21. Nxc7 Bf7 22. Na6 Rd7 23. Nc5 1-0

[Event "CZE-chT2E 1516"]
[Site "Czech Republic"]
[Date "2016.02.07"]
[Round "7.2"]
[White "Zednik, Josef"]
[Black "Uricar, Jakub"]
[Result "1/2-1/2"]
[WhiteElo "2109"]
[BlackElo "2178"]
[PlyCount "48"]
[EventDate "2015.10.18"]
[EventType "team-tourn"]
[EventRounds "11"]
[EventCountry "CZE"]
[SourceTitle "EXT 2022"]
[Source "ChessBase"]
[SourceDate "2021.10.06"]
[SourceVersion "1"]
[SourceVersionDate "2021.10.06"]
[SourceQuality "1"]
[WhiteTeam "Grygov II"]
[BlackTeam "Prusanky Podluzan"]
[WhiteTeamCountry "CZE"]
[BlackTeamCountry "CZE"]

1. d4 e6 2. Nf3 Nf6 3. Bg5 Be7 4. e3 b6 5. Bd3 Bb7 6. 0-0 0-0 7. Nbd2 c5 8. c3 d5 9. Ne5 Nbd7 10. Nxd7 Nxd7 11. Qh5 g6 12. Bxe7 Qxe7 13. Qh6 e5 14. dxe5 Nxe5 15. Be2 f6 16. Nf3 Rad8 17. Rad1 Rd6 18. Qh4 Qe6 19. a3 Rfd8 20. Qg3 Kg7 21. h3 a5 22. Rd2 Bc6 23. Nxe5 fxe5 24. Bf3 Bb5 1/2-1/2

[Event "CZE-chT2E 1516"]
[Site "Czech Republic"]
[Date "2016.01.24"]
[Round "6.2"]
[White "Uricar, Jakub"]
[Black "Majer, Jiri"]
[Result "1-0"]
[WhiteElo "2178"]
[BlackElo "2191"]
[PlyCount "135"]
[EventDate "2015.10.18"]
[EventType "team-tourn"]
[EventRounds "11"]
[EventCountry "CZE"]
[SourceTitle "EXT 2022"]
[Source "ChessBase"]
[SourceDate "2021.10.06"]
[SourceVersion "1"]
[SourceVersionDate "2021.10.06"]
[SourceQuality "1"]
[WhiteTeam "Prusanky Podluzan"]
[BlackTeam "Kurim"]
[WhiteTeamCountry "CZE"]
[BlackTeamCountry "CZE"]

1. e4 d6 2. d4 Nf6 3. Bd3 g6 4. f4 Bg7 5. Nf3 0-0 6. c3 c5 7. 0-0 cxd4 8. cxd4 Nc6 9. Nc3 Bg4 10. Be3 Nd7 11. Be2 a6 12. e5 Qa5 13. h3 Bxf3 14. Bxf3 dxe5 15. dxe5 Rad8 16. Qe2 Nc5 17. Rfd1 Ne6 18. Qf2 Rxd1+ 19. Rxd1 Rd8 20. Bd5 Rd7 21. Bb6 Qb4 22. g3 Nxe5 23. fxe5 Bxe5 24. a3 Qd6 25. Bxe6 Qxe6 26. Rxd7 Qxd7 27. Kh2 h5 28. Be3 Qd3 29. Qd2 Qc4 30. Bf4 Bd4 31. Ne2 Bf6 32. Ng1 Qb3 33. Ne2 b5 34. Nc3 Kg7 35. h4 b4 36. axb4 Qxb4 37. Bh6+ Kh7 38. Be3 a5 39. Nd1 Qb3 40. Bd4 e5 41. Bc3 a4 42. Ne3 Bg7 43. Qd5 Qb6 44. Nc4 Qf2+ 45. Qg2 Qc5 46. Qe2 f6 47. Nd2 a3 48. Ne4 Qa7 49. b4 a2 50. Qb2 Qe3 51. Nc5 Bh6 52. Nb3 Qd3 53. Nc1 Bxc1 54. Qxc1 e4 55. Bxf6 Qd7 56. Ba1 Qf7 57. Qb2 g5 58. hxg5 e3 59. Qc2+ Kg8 60. g6 Qe6 61. Qc7 Qxg6 62. Qb8+ Kf7 63. Qf4+ Kg8 64. Qxe3 Qc2+ 65. Kh3 Qf5+ 66. Kg2 Qc2+ 67. Qf2 Qe4+ 68. Kh2 1-0

[Event "CZE-chT2E 1516"]
[Site "Czech Republic"]
[Date "2015.10.18"]
[Round "1.1"]
[White "Burdalev, Kirill"]
[Black "Uricar, Jakub"]
[Result "1-0"]
[WhiteElo "2351"]
[BlackElo "2178"]
[PlyCount "67"]
[EventDate "2015.10.18"]
[EventType "team-tourn"]
[EventRounds "11"]
[EventCountry "CZE"]
[SourceTitle "EXT 2022"]
[Source "ChessBase"]
[SourceDate "2021.10.06"]
[SourceVersion "1"]
[SourceVersionDate "2021.10.06"]
[SourceQuality "1"]
[WhiteTeam "Brno Lokomotiva II"]
[BlackTeam "Prusanky Podluzan"]
[WhiteTeamCountry "CZE"]
[BlackTeamCountry "CZE"]

1. Nf3 c5 2. c4 g6 3. e4 Bg7 4. d4 cxd4 5. Nxd4 Nc6 6. Be3 d6 7. Nc3 Nf6 8. Be2 0-0 9. 0-0 Nxd4 10. Bxd4 Nd7 11. Bxg7 Kxg7 12. b4 a5 13. a3 b6 14. Qd2 Bb7 15. Rae1 Qc7 16. f4 f6 17. Nb5 Qc8 18. Bg4 Bc6 19. Nd4 Kh8 20. Be6 axb4 21. axb4 Ra7 22. f5 g5 23. h4 g4 24. Rf4 Qa8 25. b5 Ra2 26. Qd1 Qa3 27. bxc6 Qg3 28. Re2 Rxe2 29. Nxe2 Qe3+ 30. Kh2 g3+ 31. Kh3 Ne5 32. Qf1 Nd3 33. Rf3 Qxe4 34. Nxg3 1-0

[Event "CZE-chT2E 1415"]
[Site "Czech Republic"]
[Date "2015.04.19"]
[Round "11.2"]
[White "Vyskocil, Neklan"]
[Black "Uricar, Jakub"]
[Result "1/2-1/2"]
[WhiteElo "2422"]
[BlackElo "2177"]
[PlyCount "93"]
[EventDate "2014.11.02"]
[EventType "team-tourn"]
[EventRounds "11"]
[EventCountry "CZE"]
[SourceTitle "EXT 2022"]
[Source "ChessBase"]
[SourceDate "2021.10.06"]
[SourceVersion "1"]
[SourceVersionDate "2021.10.06"]
[SourceQuality "1"]
[WhiteTeam "Brno Moravska Slavia"]
[BlackTeam "Prusanky Podluzan"]
[WhiteTeamCountry "CZE"]
[BlackTeamCountry "CZE"]

1. e4 c5 2. Nf3 Nc6 3. c3 d5 4. exd5 Qxd5 5. d4 Bg4 6. Be2 e6 7. h3 Bh5 8. 0-0 Nf6 9. Be3 cxd4 10. cxd4 Be7 11. Nc3 Qd8 12. Qb3 Rb8 13. Rfd1 Nd5 14. Nxd5 Qxd5 15. Qxd5 exd5 16. g4 Bg6 17. Ne5 f6 18. Nxg6 hxg6 19. Bf3 Rd8 20. Bg2 f5 21. Rac1 Rf8 22. f4 Kf7 23. Rc3 a6 24. a3 Rfe8 25. Bf2 Bf8 26. Bf3 Rd7 27. Kh2 Re6 28. Kg2 Be7 29. h4 Rd8 30. h5 fxg4 31. Bxg4 Re4 32. hxg6+ Kxg6 33. f5+ Kf7 34. Bh5+ Kf8 35. Rh3 Bf6 36. Bf3 Ree8 37. Rh8+ Ke7 38. Re1+ Kd7 39. Rexe8 Rxe8 40. Rxe8 Kxe8 41. Bxd5 Nxd4 42. Bxb7 a5 43. a4 Nxf5 44. b4 Bc3 45. Bc6+ Ke7 46. b5 Bd4 47. Bd5 1/2-1/2

[Event "CZE-chT2E 1415"]
[Site "Czech Republic"]
[Date "2015.02.08"]
[Round "7.2"]
[White "Kratochvil, Josef"]
[Black "Uricar, Jakub"]
[Result "1/2-1/2"]
[WhiteElo "2236"]
[BlackElo "2177"]
[PlyCount "95"]
[EventDate "2014.11.02"]
[EventType "team-tourn"]
[EventRounds "11"]
[EventCountry "CZE"]
[SourceTitle "EXT 2022"]
[Source "ChessBase"]
[SourceDate "2021.10.06"]
[SourceVersion "1"]
[SourceVersionDate "2021.10.06"]
[SourceQuality "1"]
[WhiteTeam "Lipovec Garde"]
[BlackTeam "Prusanky Podluzan"]
[WhiteTeamCountry "CZE"]
[BlackTeamCountry "CZE"]

1. e4 g6 2. d4 Bg7 3. Nc3 d6 4. Be3 c6 5. a4 Nf6 6. h3 0-0 7. g3 Nbd7 8. Bg2 Qa5 9. Nge2 Ne8 10. 0-0 e5 11. f4 f5 12. fxe5 dxe5 13. exf5 gxf5 14. Kh2 Nd6 15. Qc1 Kh8 16. Bh6 Rg8 17. Bxg7+ Rxg7 18. dxe5 Nxe5 19. Qf4 Ndf7 20. Rad1 Bd7 21. b4 Qc7 22. Rd2 Rag8 23. Rfd1 Bc8 24. Rd3 Qe7 25. Re3 Qf6 26. Ne4 Qg6 27. Nf2 Qh5 28. Rxe5 Nxe5 29. Qxe5 Re8 30. Nf4 Qxh3+ 31. Bxh3 Rxe5 32. Rd8+ Rg8 33. Rxg8+ Kxg8 34. N2d3 Re4 35. c3 Rc4 36. Ne2 a5 37. Bg2 axb4 38. cxb4 Kg7 39. Nef4 Kf6 40. a5 Ke7 41. Kh3 Kd6 42. Kh4 Kc7 43. Kg5 b6 44. axb6+ Kxb6 45. Kh6 Rd4 46. Kxh7 Ba6 47. Bf1 Re4 48. Kg6 1/2-1/2

[Event "CZE-chT2E 1314"]
[Site "Czech Republic"]
[Date "2014.03.23"]
[Round "10.2"]
[White "Majer, Jiri"]
[Black "Uricar, Jakub"]
[Result "1/2-1/2"]
[WhiteElo "2201"]
[BlackElo "2196"]
[PlyCount "112"]
[EventDate "2013.11.03"]
[EventType "team-tourn"]
[EventRounds "11"]
[EventCountry "CZE"]
[SourceTitle "EXT 2016"]
[Source "ChessBase"]
[SourceDate "2015.10.08"]
[SourceVersion "1"]
[SourceVersionDate "2015.10.08"]
[SourceQuality "1"]
[WhiteTeam "Kurim"]
[BlackTeam "Prusanky Podluzan"]
[WhiteTeamCountry "CZE"]
[BlackTeamCountry "CZE"]

1. d4 g6 2. Nf3 Bg7 3. g3 c5 4. c3 cxd4 5. cxd4 Nf6 6. Nc3 0-0 7. Bg2 d5 8. 0-0 Nc6 9. Bf4 Nh5 10. Bg5 h6 11. Be3 Be6 12. Rc1 f5 13. Na4 f4 14. Bd2 Nxd4 15. Nxd4 Bxd4 16. Bc3 Bxc3 17. Rxc3 Bf7 18. Qd4 Qd6 19. Rd1 e5 20. Qd3 fxg3 21. hxg3 Nf6 22. Nc5 Qb6 23. Qd2 Kg7 24. Rdc1 d4 25. R3c2 Rac8 26. b4 Rfd8 27. Nxb7 Rxc2 28. Qxc2 Rd7 29. Nc5 Re7 30. a3 Nd5 31. Qd2 Nc3 32. e3 Bc4 33. Re1 Nb5 34. a4 dxe3 35. Rxe3 Nd4 36. a5 Qd6 37. Qb2 Nf5 38. Re1 Qd4 39. Qxd4 Nxd4 40. Be4 Ne2+ 41. Kg2 g5 42. Rd1 Nd4 43. Rc1 Bb5 44. Nd3 Ba6 45. Rc5 Kf6 46. Rd5 Bb7 47. Rd6+ Kg7 48. Bxb7 Rxb7 49. a6 Re7 50. Nxe5 Nb5 51. Rd5 Nc7 52. Ra5 Re6 53. f4 gxf4 54. gxf4 Rxa6 55. Rxa6 Nxa6 56. Nc6 Nxb4 1/2-1/2

[Event "CZE-chT1E 1314"]
[Site "Czech Republic"]
[Date "2013.11.24"]
[Round "3.5"]
[White "Uricar, Jakub"]
[Black "Mrva, Marek"]
[Result "1-0"]
[WhiteElo "2196"]
[BlackElo "2188"]
[PlyCount "69"]
[EventDate "2013.10.20"]
[EventType "team-tourn"]
[EventRounds "11"]
[EventCountry "CZE"]
[SourceTitle "EXT 2015"]
[Source "ChessBase"]
[SourceDate "2014.11.20"]
[SourceVersion "1"]
[SourceVersionDate "2014.11.20"]
[SourceQuality "1"]
[WhiteTeam "Stare Mesto"]
[BlackTeam "Ostrava"]
[WhiteTeamCountry "CZE"]
[BlackTeamCountry "CZE"]

1. e4 d6 2. d4 Nf6 3. Bd3 e5 4. c3 Nbd7 5. f4 Be7 6. Nf3 0-0 7. 0-0 d5 8. fxe5 dxe4 9. exf6 Nxf6 10. Be2 exf3 11. Bxf3 c6 12. Bg5 Be6 13. Nd2 Qd7 14. Qa4 Rfe8 15. Rfe1 a6 16. Rad1 Rad8 17. a3 Qc7 18. g3 h6 19. Bf4 Qd7 20. Be5 Nd5 21. c4 b5 22. Qc2 bxc4 23. Nxc4 f6 24. Bf4 Nxf4 25. gxf4 Bg4 26. Nb6 Bxf3 27. Nxd7 Bxd1 28. Qc4+ Kh8 29. Qf7 Bg4 30. Nc5 Rg8 31. Rxe7 Rxd4 32. Ne4 Bf5 33. Re8 Rxe8 34. Qxe8+ Kh7 35. Nxf6+ 1-0

[Event "CZE-chT1E 1213"]
[Site "Czech Republic"]
[Date "2013.03.17"]
[Round "9.4"]
[White "Uricar, Jakub"]
[Black "Nehybka, Jiri"]
[Result "1-0"]
[WhiteElo "2163"]
[BlackElo "2260"]
[PlyCount "67"]
[EventDate "2012.10.21"]
[EventType "team-tourn"]
[EventRounds "11"]
[EventCountry "CZE"]
[SourceTitle "EXT 2014"]
[Source "ChessBase"]
[SourceDate "2013.11.20"]
[SourceVersion "1"]
[SourceVersionDate "2013.11.20"]
[SourceQuality "1"]
[WhiteTeam "Stare Mesto"]
[BlackTeam "Brno Duras"]
[WhiteTeamCountry "CZE"]
[BlackTeamCountry "CZE"]

1. e4 e5 2. Nc3 Nc6 3. Bc4 Nf6 4. d3 Bc5 5. f4 d6 6. Nf3 Bg4 7. Na4 Nd7 8. Nxc5 Nxc5 9. 0-0 0-0 10. c3 Na5 11. b4 Nxc4 12. bxc5 Na5 13. Qa4 Nc6 14. cxd6 cxd6 15. Rb1 Qc7 16. d4 a6 17. fxe5 dxe5 18. d5 b5 19. Qa3 Bxf3 20. Rxf3 Na5 21. d6 Qd8 22. Qc5 Nc4 23. Rd3 Qh4 24. Ba3 Qxe4 25. Rbd1 Rac8 26. Qb4 Rfd8 27. d7 Rb8 28. Qc5 Qg4 29. Qc7 Nxa3 30. Qxb8 Qg5 31. Qd6 Nc4 32. Qxa6 Nb2 33. Rg3 Qf5 34. Qb6 1-0